000 00504nam a2200193Ia 4500
005 20250923145055.0
008 008 250917s9999 xx 000 0 eng d
037 _aTextual
040 _aDSWL
_beng
_cDSWL
041 _aeng
_2eng
084 _qDSWL
245 0 _aPaperbacks in print winter 1965-66. A REF catalogue
260 _aLondon
_bJ.Whitabar & Sons Ltd.
_c1966
300 _a106p.
365 _aINR
_b7 .6
925 _g7 .6
942 _cTEXL
999 _c1446765
_d1446765